| 000 | 00593nam a2200193 i 4500 | ||
|---|---|---|---|
| 001 | 134877 | ||
| 003 | ES-MaACL | ||
| 005 | 20250807234615.0 | ||
| 007 | t| | ||
| 008 | 070702s1972 sp ||||1| spa d | ||
| 080 | _a301.085.2 | ||
| 100 | 1 |
_aTijeras, Eduardo, _d1931- _9110248 |
|
| 245 | 1 | 0 |
_aAcerca de la felicidad y de la muerte _b: (de la razón adversativa) / _cEduardo Tijeras. |
| 260 |
_aBarcelona : _bPlaneta, _c[1972] |
||
| 300 |
_a166 p. ; _c20 cm. |
||
| 650 | 1 | 7 |
_aHombre y sociedad _2embne-DP _9200063 |
| 852 |
_aES-MaACL _jC-51664 _bR.82791 |
||
| 999 |
_c134877 _d134877 |
||